| 000 | 01141cam a22002894a 4500 | ||
|---|---|---|---|
| 001 | 15013024 | ||
| 005 | 20250528202419.0 | ||
| 008 | 070919s2009 maua 001 0 eng | ||
| 020 | _a9780073376950 (alk. paper) | ||
| 020 | _a0073376957 (alk. paper) | ||
| 050 | 0 | 0 |
_aKF570.Z9 _bS335 2009 |
| 082 | 0 | 0 |
_a346.7304/3 _222 |
| 100 | 1 | _aSchaffer, Lisa. | |
| 245 | 1 | 0 |
_aMcGraw-Hill's real estate law for paralegals / _cLisa Schaffer, contributing author ; Andrew Wietecki, contributing editor. |
| 260 |
_aBoston : _bMcGraw-Hill, _cc2009. |
||
| 300 |
_axviii, 265 p. : _bill. ; _c28 cm. |
||
| 500 | _aIncludes index. | ||
| 650 | 0 |
_aReal property _zUnited States. |
|
| 650 | 0 |
_aReal estate business _xLaw and legislation _zUnited States. |
|
| 650 | 0 |
_aVendors and purchasers _zUnited States. |
|
| 650 | 0 |
_aConveyancing _zUnited States. |
|
| 650 | 0 |
_aLegal assistants _zUnited States. |
|
| 700 | 1 | _aWietecki, Andrew. | |
| 856 | 4 | 2 |
_3Publisher description _uhttp://www.loc.gov/catdir/enhancements/fy0806/2007038524-d.html |
| 856 | 4 | 1 |
_3Table of contents only _uhttp://www.loc.gov/catdir/enhancements/fy0806/2007038524-t.html |
| 942 |
_2lcc _cBK _n0 |
||
| 999 |
_c6018 _d6018 |
||